| 000 | 00386nam a22001577a 4500 | ||
|---|---|---|---|
| 003 | OSt | ||
| 008 | 220615b ||||| |||| 00| 0 eng d | ||
| 020 | _a9789352300846 | ||
| 082 | _a004.678 POW | ||
| 100 | _aPORIKA,Sammulal | ||
| 245 | _aWeb Technologies and Applications | ||
| 260 |
_aHyderabad _bBS Publications _c2017 |
||
| 300 | _a520 | ||
| 700 | _aKISHOR,Peddi | ||
| 942 |
_2ddc _cBK |
||
| 999 |
_c11389 _d11389 |
||